000
00191 a2200097 4500
001
12027
100
_a
Lockhart,B
245
_a
Retreat from g
260
_a
_b
Putnam
_c
090
_c
9279
_d
9279
942
_a
NUST-CAE
_c
M
_c
36132
999
_c
247100
_d
247100